000 00308nam a22001457a 4500
008 211020b ||||| |||| 00| 0 eng d
020 _a0534419666
041 _aeng
080 _23rd
_a510
082 _a510
100 _a36
101 _aMAT
245 _aFinite Mathematics
_cWaner,S
942 _2udc
_cBK
999 _c58300
_d58300